| 000 | 00442nam a22001457a 4500 | ||
|---|---|---|---|
| 082 | _aT-274 | ||
| 100 |
_aAhmad Faraz Khan _936197 |
||
| 245 |
_aReal-Time Analysis of Flood Through Automatic Early Warning System _bA Case Study of Swat River |
||
| 260 |
_aRisalpur, _bMCE, _c2020. |
||
| 300 |
_a57 pages. _c30 cm. |
||
| 526 |
_a0 _b0 _c0 _dT_274 |
||
| 650 | _aDisaster Management | ||
| 700 | _aSupervisor Dr Naeem Shahzad | ||
| 942 |
_2ddc _cBK |
||
| 999 |
_c554455 _d554455 |
||